Statystyki dla Tabela Ekstraklasy (08.04.20)

Kliknij tutaj aby rozwiązać quiz!

Ogólne statystyki

  • Ten quiz został rozwiązany 85 razy
  • Średni wynik to 14 z 16

Statystyki odpowiedzi

MiejsceOdpowiedź% Poprawnych
1.Legia Warszawa
99%
5.Lech Poznań
93%
6.Pogoń Szczecin
90%
13.Wisła Kraków
90%
15.Arka Gdynia
86%
7.Lechia Gdańsk
86%
9.Raków Częstochowa
86%
4.Śląsk Wrocław
86%
8.Jagiellonia Białystok
84%
3.Cracovia
83%
2.Piast Gliwice
83%
11.Zagłębie Lubin
83%
16.ŁKS Łódź
81%
10.Wisła Płock
80%
14Korona Kielce
79%
12.Górnik Zabrze
73%

Rozkład punktacji

Percentyl według liczby udzielonych odpowiedzi

Procent ludzi z każdym wynikiem

Twoja historia wyników

Nie rozwiązałeś tego quizu